[Event "FRA-ch op-D"]
[Site "Pau"]
[Date "2008.08.20"]
[Round "8"]
[White "Buclon, Francois"]
[Black "Sanchez, Remi"]
[Result "1/2-1/2"]
[WhiteElo "1410"]
[BlackElo "1400"]
[PlyCount "78"]
[EventDate "2008.08.11"]
[EventType "swiss"]
[EventRounds "9"]
[EventCountry "FRA"]
[SourceTitle "CBM 126 Extra"]
[Source "ChessBase"]
[SourceDate "2008.11.05"]
[SourceVersion "1"]
[SourceVersionDate "2008.11.05"]
[SourceQuality "1"]

1. e4 e6 2. d4 d5 3. Nc3 b6 4. Nf3 dxe4 5. Nxe4 Bb7 6. Nc3 Nc6 7. Be2 Nf6 8. 0-0 Bd6 9. Bg5 e5 10. d5 Ne7 11. Bxf6 gxf6 12. Bb5+ Kf8 13. Nh4 Ng6 14. Nf5 Bc8 15. Qh5 Bxf5 16. Qxf5 Nf4 17. Bc6 Rb8 18. g3 Ng6 19. Ne4 Ne7 20. Qxf6 Ng6 21. Qxd8+ Rxd8 22. Nxd6 Rxd6 23. Rfe1 f6 24. Rad1 Kf7 25. b4 Ne7 26. b5 Rhd8 27. c4 Nxc6 28. bxc6 a6 29. a4 Rb8 30. Re2 Rg8 31. h3 h5 32. Kg2 Re8 33. f4 e4 34. Kf2 Kg6 35. g4 hxg4 36. hxg4 f5 37. gxf5+ Kxf5 38. Ke3 Rg6 39. Kd4 Rg4 1/2-1/2

[Event "FRA-ch op-D"]
[Site "Pau"]
[Date "2008.08.16"]
[Round "5"]
[White "Sanchez, Amelie"]
[Black "Buclon, Francois"]
[Result "1-0"]
[WhiteElo "1470"]
[BlackElo "1410"]
[PlyCount "49"]
[EventDate "2008.08.11"]
[EventType "swiss"]
[EventRounds "9"]
[EventCountry "FRA"]
[SourceTitle "CBM 126 Extra"]
[Source "ChessBase"]
[SourceDate "2008.11.05"]
[SourceVersion "1"]
[SourceVersionDate "2008.11.05"]
[SourceQuality "1"]

1. e4 e5 2. Nf3 Nc6 3. Bc4 Nf6 4. Ng5 d5 5. exd5 Na5 6. Bb5+ c6 7. dxc6 Nxc6 8. d3 h6 9. Nf3 e4 10. Qe2 Qe7 11. dxe4 Qxe4 12. Qxe4+ Nxe4 13. Ne5 Bd7 14. Nxd7 Kxd7 15. 0-0 Bc5 16. Nd2 f5 17. Nf3 a6 18. Bxc6+ Kxc6 19. Be3 Bxe3 20. fxe3 Rhf8 21. Nd4+ Kb6 22. Rxf5 Nd6 23. Rf3 Ka7 24. Raf1 Nc4 25. Rxf8 1-0

[Event "FRA-ch op-D"]
[Site "Pau"]
[Date "2008.08.13"]
[Round "2"]
[White "Buclon, Francois"]
[Black "Scherno, Catherine"]
[Result "0-1"]
[WhiteElo "1410"]
[BlackElo "1490"]
[PlyCount "44"]
[EventDate "2008.08.11"]
[EventType "swiss"]
[EventRounds "9"]
[EventCountry "FRA"]
[SourceTitle "CBM 126 Extra"]
[Source "ChessBase"]
[SourceDate "2008.11.05"]
[SourceVersion "1"]
[SourceVersionDate "2008.11.05"]
[SourceQuality "1"]

1. e4 d5 2. exd5 Qxd5 3. Nc3 Qa5 4. d4 Nf6 5. Bd2 c6 6. Nf3 Bg4 7. h3 Bh5 8. Be2 Qc7 9. 0-0 e6 10. Ne5 Bxe2 11. Qxe2 Bd6 12. Rfe1 Nbd7 13. f4 0-0 14. Qf3 Nb6 15. b3 Nbd5 16. a3 Rfe8 17. b4 Nd7 18. Nxd5 cxd5 19. Rac1 Nb6 20. c4 Nxc4 21. a4 Nxd2 22. Qd3 Nc4 0-1